János Esterházy a jeho miesto v moderných slovenských dejinách

Bibliographic Details
Main Author: Schvarc, Michal, 1975- (Author)
Other Authors: Kováčová, Zuzana (Translator), Bošiaková, Stanislava (Translator)
Format: Book
Language:Slovak
Czech
English
German
PhysicalDescription:191 strán faksimile, fotografie, mapy, portréty 26 cm
Published: Bratislava Ministerstvo zahraničných vecí a európskych záležitostí Slovenskej republiky 2023
ISBN:9788088726845
Subjects:

MARC

LEADER 00000cam a2200000 4500
001 vtls012231001
003 SK-MaSNL
005 20260301081117.0
008 230531s2023 xo hobcgrn 001 0bslo
015 |a SNBA2023/08 
020 |a 9788088726845  |q (viazané) 
040 |a SNK  |b slo  |c SNK  |e rda 
041 0 |a slo  |a cze  |a eng  |a ger 
044 |a xo  |c SK 
072 7 |a 32  |x Politika  |2 konspekt 
072 7 |a 929  |x Biorafie  |2 konspekt 
080 |a 32-051  |2 2011 
080 |a 342.724  |2 2011 
080 |a (=511.141)  |2 2011 
080 |a 94(437.6)  |2 2011 
080 |a (093)  |2 2011 
080 |a (048.8)  |2 2011 
080 |a 929(092)  |2 2011 
100 1 |a Schvarc, Michal,  |d 1975-  |4 aut  |9 115066 
245 1 0 |a János Esterházy a jeho miesto v moderných slovenských dejinách  |c Michal Schvarc ; anglický preklad: Zuzana Kováčová, Stanislava Bošiaková 
246 3 1 |a János Esterházy and his place in modern Slovak history 
264 1 |a Bratislava  |b Ministerstvo zahraničných vecí a európskych záležitostí Slovenskej republiky  |c 2023 
300 |a 191 strán  |b faksimile, fotografie, mapy, portréty  |c 26 cm 
336 |a text  |b txt  |2 rdacontent 
337 |a bez média  |b n  |2 rdamedia 
338 |a zväzok  |b nc  |2 rdacarrier 
500 |a Biografické údaje o autorovi na zadnej strane obálky. Na titulnej strane dole uvedené: Ministerstvo zahraničných vecí a európskych záležitostí Slovenskej republiky, Historický ústav Slovenskej akadémie vied v.v.i. 
504 |a Bibliografia na 179-184. Bibliografické odkazy. Menný register 
546 |a Čiastočne súbežný text v angličtine, češtine a nemčine. Súbežný názov v angličtine 
600 1 7 |a Esterházy, János,  |d 1901-1957  |2 SNKMA  |9 125804 
648 7 |a 1939-1947  |2 SNKPH  |9 403886 
650 0 7 |a politici  |2 SNKPH  |9 2679 
650 0 7 |a národnostné menšiny  |2 SNKPH  |9 2669 
650 0 7 |a Politicians  |2 SNKPHeng  |9 281560 
650 0 7 |a Ethnic minorities  |2 SNKPHeng  |9 265191 
650 0 7 |a Hungarians  |2 SNKPHeng  |9 266397 
650 0 7 |a Maďari  |2 SNKPH  |9 18097 
651 7 |a Slovensko  |x dejiny  |2 SNKPHgeo  |9 13278 
651 7 |a Slovakia  |x history  |2 SNKPHeng  |9 266841 
655 7 |a Documents  |2 SNKPHeng  |9 277725 
655 7 |a Monographs  |2 SNKPHeng  |9 120675 
655 7 |a biografie  |2 SNKPH  |9 27965 
655 7 |a Biography  |2 SNKPHeng  |9 266314 
655 7 |a monografie‬‬  |2 SNKPH  |9 70139 
655 7 |a dokumenty  |2 SNKPH  |9 70482 
700 1 |a Kováčová, Zuzana  |4 trl  |9 278270 
700 1 |a Bošiaková, Stanislava  |4 trl  |9 323775 
852 |a Slovenská národná knižnica 
919 |a 978-80-88726-84-5 
954 |a odborná, vedecká literatúra pôvodná (slovenská)  |2 lita 
958 |a NB 
958 |a BC 
999 |c 655005  |d 656935 
952 |a SNK  |b SNK  |y VYP  |7 0  |p 17A1533437  |o snkSB 99354 D1  |i snk2023/12115  |8 0  |0 0  |1 0  |4 0  |d 2023-08-15  |l 0  |r 2026-02-23 18:34:18  |w 2026-02-23 
952 |a SNK  |b SNK  |y PREZ  |7 0  |p 17A1532490  |o snkSB 99354  |i snk2023/11089  |8 0  |0 0  |1 0  |4 0  |d 2023-07-19  |f 1  |l 0  |r 2025-05-22 00:00:00  |w 2026-02-23